000 02170cam a2200613 4500
999 _c23329
_d23329
001 vtls011823893
005 20221003074200.0
008 210624s2018 xo o grhn 000 fbslo
020 _a9788081641657
_q(viazané)
035 _a37B08CF9-4940-46F9-B4F7-8A7EF9E808E5
035 _aurn:nbn:sk:snk-am3id30
035 _aurn:nbn:sk:snk-am00e3zf
040 _aPPPK
_bslo
_cPPPK
_dSNK
_erda
041 1 _aslo
_heng
044 _axo
_cSK
072 7 _a821.111(73)-3
_xAmerická próza
_2konspekt
072 7 _a929
_xBiografie
_2konspekt
080 _a821.111(73)-31
_22011
080 _a(0:82-312.6)
_22011
080 _a94(100)"1939/1945"
_22011
080 _a(0:82-311.6)
_22011
080 _a329.18
_22011
080 _a(437.311)
_22011
100 1 _aJoukowsky, Artemis
_4aut
_93338
240 1 0 _aDefying the Nazis: The Sharps' war
_lSlovensky
245 1 0 _aPražská misia
_cArtemis Joukowsky ; s predslovom Kena Burnsa ; z anglického originálu Defying the Nazis: The Sharps' war ... preložil František Kôpka
250 _aVydanie prvé
264 1 _a[Bratislava]
_bMotýľ
_c2018
300 _a319 strán
_bfotografie
_c21 cm
336 _atext
_btxt
_2rdacontent
337 _abez média
_bn
_2rdamedia
338 _azväzok
_bnc
_2rdacarrier
500 _aMiesto vydania podľa NA ISBN
600 1 7 _aSharp, Martha,
_d1905-1999
_2SNKMA
_93339
600 1 7 _aSharp, Waitstill,
_d1902-1983
_2SNKMA
_93340
650 0 7 _afašizmus
_2SNKPH
_93341
650 0 7 _adruhá svetová vojna (1939-1945)
_2SNKPH
_91735
650 0 7 _aFascism
_2SNKPHeng
_93342
650 0 7 _aWorld War (1939-1945)
_2SNKPHeng
_91740
651 7 _aPraha (Česko)
_2SNKPHgeo
_93343
651 7 _aPrague (Czech Republic)
_2SNKPHeng
_93344
655 7 _aamerické romány
_2SNKPH
_92
655 7 _abiografické romány
_2SNKPH
_92126
655 7 _aAmerican novels
_2SNKPHeng
_91670
655 7 _aBiographical novels
_2SNKPHeng
_92127
655 7 _aWar novels
_2SNKPHeng
_93068
655 7 _avojnové romány
_2SNKPH
_93067
700 1 _aKôpka, František
_c(prekladateľ)
_4trl
_93345
700 1 _aBurns, Ken
_4aui
_93346
958 _aLX
958 _aUP
958 _aBC
958 _aNB